000 00786nam a2200253Ia 4500
003 OSt
005 20221005092938.0
006 a|||||r|||| 00| 0
007 ta
008 221004b |||||||| |||| 00| 0 eng d
020 _a9781843837220 (hbk)
_c2631.30
024 _a122843
037 _bCBS/193, 21/09/2012, Classic Book Service
_cTextual
040 _aCRL
_cCRL
_beng
041 _2eng
_aeng
082 _aV1:71.J, Q2
100 _aGilchrist Roberta
_9617929
245 0 _aMedieval life
_b Archaeology and the life course
260 _aNew York
_bThe Boydell Press U.S.A
_c2012
300 _axv, 336p.
_ccm.
650 _aHISTORY
942 _hV1:71.J, Q2
_cTEXL
_2cc
999 _c999585
_d999585